[Event "Skalica op-B"]
[Site "Skalica"]
[Date "2023.08.26"]
[Round "8"]
[White "Zemek, Antonin"]
[Black "Korenek, Matus"]
[Result "1-0"]
[WhiteElo "1666"]
[BlackElo "1499"]
[PlyCount "89"]
[EventDate "2023.08.19"]
[EventType "swiss"]
[EventRounds "9"]
[EventCountry "SVK"]
[SourceTitle "CBM 215 Extra"]
[Source "ChessBase"]
[SourceDate "2023.09.30"]
[SourceVersion "1"]
[SourceVersionDate "2023.09.30"]
[SourceQuality "1"]

1. Nf3 Nf6 2. b3 d5 3. Bb2 e6 4. d3 c5 5. c4 Nc6 6. g3 d4 7. Bg2 Bd6 8. e4 e5 9. 0-0 Bg4 10. a3 a5 11. Nbd2 Qc8 12. Qc2 h6 13. Kh1 g5 14. Ng1 h5 15. f3 Be6 16. Bc1 g4 17. fxg4 Nxg4 18. Ndf3 Be7 19. h4 Rg8 20. Qe2 Bf8 21. Ng5 Be7 22. Qf3 Bxg5 23. Bxg5 a4 24. bxa4 Rxa4 25. Qd1 Qa8 26. Qc1 Rf8 27. Bh3 Ne3 28. Bxe3 dxe3 29. Bxe6 fxe6 30. Rxf8+ Kxf8 31. Qxe3 Nd4 32. Qf2+ Ke7 33. Qb2 Kd6 34. Qb6+ Nc6 35. d4 cxd4 36. c5+ Kd7 37. Rf1 Ke8 38. Qc7 Ne7 39. Rf6 Ra6 40. Rh6 Rc6 41. Rh8+ Kf7 42. Rh7+ Kg6 43. Qxe7 Qg8 44. Nf3 Qxh7 45. Nxe5+ 1-0

[Event "Skalica op-B"]
[Site "Skalica"]
[Date "2023.08.24"]
[Round "6"]
[White "Romanova, Ela"]
[Black "Korenek, Matus"]
[Result "0-1"]
[WhiteElo "1647"]
[BlackElo "1499"]
[PlyCount "90"]
[EventDate "2023.08.19"]
[EventType "swiss"]
[EventRounds "9"]
[EventCountry "SVK"]
[SourceTitle "CBM 215 Extra"]
[Source "ChessBase"]
[SourceDate "2023.09.30"]
[SourceVersion "1"]
[SourceVersionDate "2023.09.30"]
[SourceQuality "1"]

1. e4 d6 2. d4 g6 3. Nf3 Bg7 4. Be3 Nf6 5. Nc3 0-0 6. h3 Nc6 7. Qd2 e5 8. d5 Ne7 9. 0-0-0 Nd7 10. g4 f5 11. gxf5 gxf5 12. Bh6 f4 13. Bxg7 Kxg7 14. Rg1+ Kh8 15. Ng5 Nf6 16. Be2 h6 17. Nf3 a6 18. Rg2 b5 19. a3 Bd7 20. Rdg1 c5 21. Bd3 c4 22. Be2 a5 23. Nh4 Rg8 24. Rxg8+ Nexg8 25. Qe1 b4 26. axb4 axb4 27. Nb1 c3 28. Qf1 cxb2+ 29. Kxb2 Ra7 30. Qg2 Be8 31. Bg4 Qa5 32. Be6 Qa2+ 33. Kc1 b3 34. f3 Rc7 35. c3 Rb7 36. Qb2 Qa7 37. Ng6+ Bxg6 38. Rxg6 Qe3+ 39. Qd2 Qxf3 40. Qg2 Qe3+ 41. Kb2 Rb8 42. Nd2 Qd3 43. Nxb3 f3 44. Qf2 Qc4 45. Qc2 f2 0-1